1789 1133 1795 1841 1773 1693 1343 1559 1098 1499 1142 1968 1186 1351 1765 1561 1427 1706 1878 1461 1122 1954 1652 1746 1125 1439 1545 1333 1814 1631 1729 1130 1886 1378 1382 1412 1994 1970 1879 1396 1961 1271 1242 1236 1288 1633 1058 1173 1600 1707 1391 1486 1486 1029 1171 1367 1261 1638 1242 1559 1742 1549 1957 1745 1273 1537 1572 1048 1479 1421 1505 1782 1427 1270 1294 1200 1022 1836 1471 1534 1032 1409 1094 1662 1536 1224 1872 1808 1426 1968 1908 1755 1918 1908 1171 1133 1513 1809 1000 BCNSPRNW ULIB Ver.6.0+V

เปลี่ยนเป็นภาษาไทย

Change to English
 แสดงรายละเอียดบรรณานุกรม
  กลับหน้าหลัก

Brief Record : Get Marc (ISO 2709) : E-mail record : QR code < ปิดหน้าต่าง
LEADER : 00000nam 2200000uu 4500
001    13399111247
003     ULIB
008    110621s2003||||th 000 0 eng d
020    0323020119
060 04 WY160^bP974m 2003
245 00 Psychiatric mental health nursing /^c[edited by] katherineM. Fortinash, Patricia A. Holoday-Worret
260    St. Louis :^bMosby,^c2003
300    719 p. :^bill. ;^c28 cm.
504    Includes bibliographical references
650  2 Mental Disorders^xnursing
650  2 Psychiatric Nursing
700 1  Fortinash, Katherine M.,^eed.
700 2  Holoday-Worret, Patricia A.,^eed.
945    ^p2285^l0^i016485
995     Kesorn
999 ^a ใช้งานได้ทุกระบบ
รายการนี้ยังไม่มีแท็ก
คุณยังไม่ได้ล็อกอิน คุณสามารถมีกิจกรรมร่วมกับเว็บไซต์ได้ แต่ต้องล็อกอินก่อน ::
  ล็อกอิน

รายการสื่อสารสนเทศ

ลำดับที่ ประเภท เลขเรียก/บาร์โค้ด สถานที่ สถานะ
- ไม่พบข้อมูล -

รายการใกล้เคียง
    หัวเรื่อง [Mental Disorders nursing]
    หัวเรื่อง [Psychiatric Nursing]

BibComment


ยังไม่เคยถูกคอมเมนท์

คอมเมนท์ทรัพยากรรายการนี้
  คอมเมนท์: Psychiatric menta..


 Copyright 2026. Bcnsprnw @Library